| 000 | 00609nam a2200217Ia 4500 | ||
|---|---|---|---|
| 003 | GCL | ||
| 008 | 140319s9999 xx 000 0 eng d | ||
| 020 | _a8170418372 | ||
| 040 |
_aGCL / _cGCL |
||
| 082 | 0 | 4 |
_aREF _b370.703 _bS E |
| 100 | 1 | _aSHARAM, S.R | |
| 245 | 1 | 0 |
_aENCYCLOPEDIA OF MODERN EDUCATIONAL RESEARCH / _cSHARAM, S.R |
| 260 |
_aالهند : _bANIMAL PUBLICATIONS PVT LTD ، _c1994 |
||
| 300 |
_a ؛ _c19 cm. |
||
| 650 | 0 | 4 | _aEDUCATIONAL PLANNING |
| 650 | 0 | 4 | _aEDUCATION |
| 650 | 0 | 4 | _aTEACHER TRAINING |
| 650 | 0 | 4 | _aEDUCATION - RESEARCH |
| 650 | 0 | 4 | _aEDUCATION - METHODS |
| 942 |
_2ddc _cREF |
||
| 999 |
_c26398 _d26398 |
||